000 00378nam a2200133Ia 4500
008 231129s1993||||xx |||||||||||||| ||spa||
040 _bspa
082 _aA863 M389m
100 _aMarun Gioconda
245 0 _aEl modernismo argentino incognito en la ondina del plata y revista literaria (1875-1880)
260 _c1993
264 _aInstituto Caro y Cuervo
942 _2ddc
_cBKS
999 _c11741
_d11741